00589nam a22001937a 450000500170000000800410001702000180005804000210007604100080009708200170010510000320012224501070015425000120026126000330027330000100030665000200031670000310033670000280036720250901122234.0240902b |||||||| |||| 00| 0 eng d a9789358499018 aIN-DiNCcIN-DiNC deng a301.072bBHU aBhuyan, Dilip Kumareauthor aMethods of sociological enquiry (Minor3)/cby Dilip Kumar Bhuyan, Moushumi Bordoloi and Priyanka Borah a1st ed. aDibrugarh:bBanalata,c2024. a255p. aSocial research aBordoloi, Moushumieauthor aBorah, Priyankaeauthor